Síntesis del estudio (Record no. 144365)

MARC details
000 -LEADER
campo de control de longitud fija 00640nam a2200181 i 4500
001 - NÚMERO DE CONTROL
campo de control 144365
003 - IDENTIFICADOR DE NÚMERO DE CONTROL
campo de control ES-MaACL
005 - FECHA Y HORA DE LA ÚLTIMA TRANSACCIÓN
campo de control 20230906201013.0
007 - CAMPO FIJO DE DESCRIPCIÓN FÍSICA--INFORMACIÓN GENERAL
campo de control de longitud fija t|
008 - DATOS DE LONGITUD FIJA--INFORMACIÓN GENERAL
campo de control de longitud fija 070214s1971 sp bdf |||| | spa d
080 ## - NÚMERO DE LA CLASIFICACIÓN DECIMAL UNIVERSAL
Número de la Clasificación Decimal Universal 338(460.235 Vallés.)"19"
110 2# - ENTRADA PRINCIPAL--NOMBRE DE ENTIDAD CORPORATIVA
Nombre de entidad corporativa o nombre de jurisdicción como elemento de entrada Caja de Ahorros de Sabadell.
9 (RLIN) 2291
245 10 - MENCIÓN DEL TÍTULO
Título Síntesis del estudio
Resto del título : Dinámica y perspectiva del Vallés.
260 ## - PUBLICACIÓN, DISTRIBUCIÓN, ETC.
Lugar de publicación, distribución, etc. Sabadell :
Nombre del editor, distribuidor, etc. Caja de Ahorros,
Fecha de publicación, distribución, etc. 1971 (
Lugar de fabricación/manufactura Barcelona :
Fabricante Gráf. Francisco Casamajó)
300 ## - DESCRIPCIÓN FÍSICA
Extensión 343 p., 3 gráf., 12 lám., 38 mapas ;
Dimensiones 30 cm.
651 #4 - PUNTO DE ACCESO ADICIONAL DE MATERIA--NOMBRE GEOGRÁFICO
Nombre geográfico Vallès (Barcelona, Comarca)-
Subdivisión general Situación económica.
9 (RLIN) 160689
852 ## - LOCALIZACIÓN
Ubicación ES-MaACL
Número de control de estantería C-43965
Holdings
Estatus retirado Estado de pérdida Estado de daño No para préstamo Biblioteca de origen Biblioteca actual Ubicación en estantería Fecha de adquisición Fuente de adquisición Total de préstamos Signatura topográfica completa Código de barras Visto por última vez Precio de reemplazo Tipo de ítem Koha
        Biblioteca del Ateneo de Madrid Biblioteca del Ateneo de Madrid Depósito 2 17/01/2008     C-43965 1150202 23/02/2023 23/02/2023 Libro impreso